000 00387nam a2200169Ia 4500
003 0STCL
008 150530s9999 xx 000 0 und d
040 _aSTCL
_cSTCL
100 _aNarayana Rao,S.
245 _aCounselling and Guidance
250 _aSecond
260 _bTata Mcgraw-Hill
_c2003
546 _aEnglish
942 _2ddc
_cBK
999 _c15524
_d15524
005 20220125165732.0